Utilization of local resources: (Record no. 82358)
[ view plain ]
| 000 -LEADER | |
|---|---|
| fixed length control field | 00849cam a22002411 4500 |
| 001 - CONTROL NUMBER | |
| control field | sa 68008327 |
| 003 - CONTROL NUMBER IDENTIFIER | |
| control field | DLC |
| 005 - DATE AND TIME OF LATEST TRANSACTION | |
| control field | 20260227112531.0 |
| 008 - FIXED-LENGTH DATA ELEMENTS--GENERAL INFORMATION | |
| fixed length control field | 681219s1967 ii b 000 0 eng |
| 010 ## - LIBRARY OF CONGRESS CONTROL NUMBER | |
| LC control number | sa 68008327 |
| 040 ## - CATALOGING SOURCE | |
| Original cataloging agency | DLC |
| Transcribing agency | DLC |
| Modifying agency | DLC |
| 050 00 - LIBRARY OF CONGRESS CALL NUMBER | |
| Classification number | HC437.G6 |
| Item number | P3 |
| 082 00 - DEWEY DECIMAL CLASSIFICATION NUMBER | |
| Classification number | 330.954/799 |
| 100 1# - MAIN ENTRY--PERSONAL NAME | |
| Personal name | Padki, M. B. |
| 245 10 - TITLE STATEMENT | |
| Title | Utilization of local resources: |
| Remainder of title | a case study of Goa |
| Statement of responsibility, etc. | [by] M. B. Padki, S. H. Pore [and] S. W. Muranjan. |
| 260 ## - PUBLICATION, DISTRIBUTION, ETC. | |
| Place of publication, distribution, etc. | Poona, India, |
| Name of publisher, distributor, etc. | Gokhale Institute of Politics and Economics |
| Date of publication, distribution, etc. | [1967] |
| 300 ## - PHYSICAL DESCRIPTION | |
| Extent | xii, 301 p. |
| Other physical details | maps. |
| Dimensions | 32 cm. |
| 490 0# - SERIES STATEMENT | |
| Series statement | Gokhale Institute mimeograph series ; |
| Volume/sequential designation | no. 1 |
| 651 #0 - SUBJECT ADDED ENTRY--GEOGRAPHIC NAME | |
| Geographic name | Goa, Daman and Diu (India) |
| General subdivision | Economic conditions. |
| 651 #0 - SUBJECT ADDED ENTRY--GEOGRAPHIC NAME | |
| Geographic name | Goa, Daman and Diu (India) |
| General subdivision | Economic policy. |
| 700 1# - ADDED ENTRY--PERSONAL NAME | |
| Personal name | Pore, S. H., |
| Relator term | joint author. |
| 700 1# - ADDED ENTRY--PERSONAL NAME | |
| Personal name | Muranjan, S. W., |
| Relator term | joint author. |
No items available.